| 000 | 00657nam a2200229 a 4500 | ||
|---|---|---|---|
| 001 | 3003 | ||
| 003 | CDMR | ||
| 005 | 20131016173602.0 | ||
| 008 | 130130s1977||||||||||||||||||||||||||||d | ||
| 020 | _a847039262X | ||
| 040 |
_aCDMR _bcat _cCDMR |
||
| 100 | 1 |
_aSeoane, María Cruz _91131 |
|
| 245 | 1 | 0 | _aOratoria y periodismo en la España del siglo XIX |
| 260 |
_aValencia _bCastalia |
||
| 260 |
_c1977 _bFundación Juan March |
||
| 300 | _a454 p. | ||
| 490 | 0 | _aPensamiento Literario Español | |
| 650 | 0 | 4 |
_93131 _aOratòria |
| 650 | 0 | 4 |
_93729 _aPremsa _zEspanya _xHistòria _yS. XIX |
| 650 | 0 | 4 |
_94090 _aPremsa i política _zEspanya _yS. XIX |
| 942 |
_cMON _2udc |
||
| 999 |
_c3003 _d3003 |
||